000 00730cab a2200241 4500
001 ABS57084
008 090401t1997 xxu||||| |||| 00| 0 eng d
035 _a(Sirsi) u79284
041 _aeng
100 _aAllder, G.
245 _aInsulating for the future
260 _c1997
350 _a0
490 _aConstruction Repair
_v11(3) May/June 1997, 32-35(4)
520 _aConsiders advances in external wall insulation techniques for historic buildings. Includes case studies.
650 _aEXTERNAL WALL INSULATION ASSOCIATION
650 _aEXTERNAL WALL INSULATION
650 _aHISTORIC BUILDINGS
650 _aINSULATION
690 _aBUILT ENVIRONMENT-BUILDING MATERIALS
942 _n0
948 _c27/06/1997
999 _c49846
_d49846